Mort subite Les premiers ministres français - Statistiques

Statistiques générales
  • Ce quiz a été pris 1 492 fois
  • Le résultat moyen est 4 sur 15
Answers on the Grid
Answers color-coded by a green-red scale on the quiz's grid according to % correct below.
Dominique de Villepin
Edgar Faure
Georges Pompidoux
Michel Barnier
Judith Cresson
Alain Juppé
Gaston Defferre
Emmanuel Valls
Maurice Couve de Murville
François Fillon
Elisabeth Borne
Paul Messmer
Maurice Schumann
Edmond Barre
Alain Poher
François Hollande
Jean Lecanuet
Michel Rocart
Michel Debré
Edouard Philippe
Pierre Bérégovoy
Charles de Gaulle
Jacques Chaban-Delmas
Valéry Giscard d'Estaing
Jean-Louis Ayrault
Jacques Chirac
Louis Joxe
René Monory
Pierre Maurois
Jean Castex
Edouard Balladur
Pierre Joxe
Laurent Fabius
Lionel Jospin
Pierre Pflmlin
Gabriel Atal
Bertrand Cazeneuve
Jean-Paul Raffarin
Jean-Pierre Chevènement
Nicolas Sarkozy
 
Statistiques - réponses
Réponse % Correct
Dominique de Villepin
76%
Michel Barnier
49%
Alain Juppé
36%
Elisabeth Borne
34%
François Fillon
27%
Edouard Balladur
19%
Edouard Philippe
19%
Jacques Chirac
19%
Jean Castex
17%
Pierre Bérégovoy
14%
Lionel Jospin
12%
Maurice Couve de Murville
12%
Michel Debré
11%
Jacques Chaban-Delmas
8%
Laurent Fabius
8%
Aucun quiz correspondant
Distribution des résultats
% des personnes avec chaque résultat
Percentile par nombre de réponses
Votre historique - résultats
Vous n’avez pas pris ce quiz